02020cam a22002414a 450000100090000000300040000900500170001300800410003001000170007102000150008804000080010305000140011124500650012524600670019026000610025730000280031850513040034665000250165065000250167565000310170065000290173170000180176013912736OSt20211110135723.0050323s2006 nyua b 001 0 eng  a 2005008192 a1930538243 c.LC00aRC440.P9710aPsychiatric-mental health nursing. /cedited by Jeff Burnham aNurse Advance Collection on psychiatric-mental health nursing. aIndianapolis, Indiana:bHonor Society of Nursing,c2005. a1 vol. :bill. (col.) ;0 aContents: 1. Peer-reviewed articles: Emotional distress and prenatal attachment in pregnancy after perinatal loss -- Chronic stress, sense of belonging, and depression among survivors of traumatic brain injury -- Processes of mental health service use by adolescents with depression -- Hopelessness as a response to physical illness -- Psychological factors in Nepali former commercial sex workers living with HIV -- The Effectiveness of intervention studies to decrease alcohol use in college undergraduate students: an integrative analysis -- Loneliness, depression and social support of Turkish patients with chronic obstructive pulmonary disease and their spouses -- Cultural incommensurability in psychodynamic psychotherapy in western and Japanese traditions -- The effects of an educational intervention on antipsychotic-induced weight gain -- Childhood maltreatment and mental and physical health in Haitian adults -- Negative thinking and the mental health of low-income single mothers -- Barriers to family care in psychiatric settings -- Parental uncertainty and posttraumatic stress in serious childhood illness -- Nurse counselling of patients with an overconsumption of alcohol -- 2. Commentary (not peer-reviewed) article: A focus on the mental health of adults and older adults --  0aPsychiatric nursing.12aPsychiatric Nursing.22aMental Disordersxnursing.22aNurse-Patient Relations. qBurnham, Jeff